[Event "POL-chT Ekstraliga 2018"]
[Site "Gorzow"]
[Date "2018.06.09"]
[Round "2"]
[White "Dziuba, Marcin"]
[Black "Nurkiewicz, Maciej"]
[Result "1-0"]
[WhiteElo "2577"]
[BlackElo "2370"]
[Annotator "TA"]
[PlyCount "50"]
[EventDate "2018.06.08"]
[EventType "team-tourn"]
[EventCountry "POL"]
[SourceTitle "playchess.com"]
[Source "ChessBase"]
[SourceQuality "1"]

{[%evp 27,50,32,50,39,36,38,47,42,91,92,110,44,59,51,70,60,235,230,277,276,449,435,565,551,535]} 1. d4 Nf6 2. c4 e6 3. Nf3 Bb4+ 4. Nbd2 b6 5. a3 Bxd2+ 6. Qxd2 Bb7 7. e3 O-O 8. Be2 d6 9. O-O Nbd7 10. b4 Ne4 11. Qc2 f5 12. d5 {E14: Queen's Indian: Classical Variation (4 e3)} e5 (12... exd5 13. Bb2 c5 14. cxd5 Bxd5 15. Rad1 Bb7 16. Bc4+ Kh8 17. Be6 Qe7 18. Qb3 b5 19. Bxd7 Qxd7 20. bxc5 Nxc5 {1-0 (34) Bok,B (2598)-Moiseenko,A (2657) Doha 2016}) 13. Nd2 Nxd2 14. Bxd2 Qh4 {LiveBook: 4 Games} 15. f4 Qe7 16. Bd3 g6 $146 ({Predecessor:} 16... e4 17. Be2 Nf6 18. Bc3 Qf7 19. Rfd1 h6 {0-1 (71) Erdos,V (2499)-Tukhaev,A (2438) Herceg Novi 2005}) 17. Rae1 Qg7 18. Bc3 Rae8 19. Ba1 (19. e4 $16) 19... Re7 20. Qb3 Ref7 21. Rc1 Bc8 $2 {[#]} (21... Rb8 $14) 22. c5 $1 $18 {[%mdl 512]} bxc5 23. bxc5 dxc5 $2 (23... Re8 {was called for.} 24. Bb5 Rd8) 24. Bb5 Rd8 25. Rfd1 Qf6 {Precision: White = 62%, Black = 10%.} 1-0

[Event "POL-chT Ekstraliga 2018"]
[Site "Gorzow"]
[Date "2018.06.09"]
[Round "2"]
[White "Czarnota, Pawel"]
[Black "Navara, David"]
[Result "0-1"]
[WhiteElo "2546"]
[BlackElo "2727"]
[Annotator "TA"]
[PlyCount "94"]
[EventDate "2018.06.08"]
[EventType "team-tourn"]
[EventCountry "POL"]
[SourceTitle "playchess.com"]
[Source "ChessBase"]
[SourceQuality "1"]

{[%evp 13,94,7,18,19,18,12,19,0,4,0,13,22,14,0,0,0,0,0,10,14,19,0,0,0,3,-20,-14,-14,-12,-12,0,-64,-61,-61,-61,-54,-55,-106,-92,-104,-120,-110,-35,-30,-55,-27,-9,-8,-8,-8,-8,-21,-20,-8,0,0,-3,-8,-8,-16,-30,-110,-97,-114,-28,-255,-249,-341,-354,-353,-356,-317,-336,-334,-293,-387,-419,-651,-408,-2355,-2105,-1930,-1795]} 1. e4 c5 2. Nf3 d6 3. Bb5+ Nd7 4. d4 cxd4 5. Qxd4 a6 6. Bxd7+ Bxd7 7. Nc3 e5 8. Qd3 {B51: Sicilian: Moscow Variation (3 Bb5+) without 3...Bd7} Rc8 9. O-O h6 10. a4 {The position is equal.} Nf6 11. Rd1 Be7 12. Nd2 Bg4 13. Re1 O-O 14. Nc4 Be6 15. Ne3 Qc7 {[#]} 16. Rd1 $146 ({Predecessor:} 16. Bd2 Rfd8 17. Rec1 {½-½ (35) Petrov,M (2534)-Cheparinov,I (2668) Bansko 2010}) 16... Rfd8 17. Bd2 Bc4 $36 {[%mdl 2048] Black has some pressure.} 18. Nxc4 Qxc4 19. Be3 b5 20. axb5 axb5 21. Ra7 {Threatens to win with Qxc4.} Bf8 (21... b4 {is more complex.} 22. Rxe7 bxc3 23. Qxc4 Rxc4 24. b3 Rxe4 25. Rc7 d5) 22. Nd5 ({White should play} 22. Rb7 $11) 22... Nxd5 $15 23. Qxd5 Qxd5 24. Rxd5 Rxc2 25. Rxb5 {[#]} ({Better is} 25. Rb7 $15) 25... f5 $1 $17 {[%cal Rf5f4][%mdl 512] ...f4 is the strong threat.} 26. g3 ({Don't blunder} 26. exf5 $2 d5 $19) 26... fxe4 {Hoping for ...d5.} 27. b4 Rb2 (27... d5 $17 28. Bc5 Bxc5 29. bxc5 Kh7) 28. Rbb7 Rc8 29. h4 Kh8 {aiming for ...d5.} 30. Ra5 h5 31. Kg2 Kh7 32. g4 Kg6 33. Kg3 Rb1 34. gxh5+ Kxh5 35. b5 Re8 {next ...Be7 is good for Black.} 36. Bg5 d5 {[%cal Bd6d5,Bd5d4,Bd4e3,Be3e2][%mdl 32]} 37. Rd7 (37. Ra6 $11) 37... d4 38. Rd5 Kg6 (38... Rb3+ $17 39. Kg2 Kg6) 39. Ra7 $2 (39. Kg4 $11) 39... Kf5 $19 40. Ra6 {[#]} e3 $1 {[%mdl 512]} 41. fxe3 Ke4 42. Rd7 dxe3 ({And not} 42... Rxb5 43. exd4 Rb3+ 44. Kg4 $11) 43. Ra4+ Rb4 44. Ra3 Bc5 45. Rxg7 (45. Ra2 $142 Rxb5 46. Rxg7) 45... Rf8 46. Kg4 (46. Ra2 $142 Rf3+ 47. Kg2) 46... e2 47. Bd2 Rd4 {Precision: White = 44%, Black = 67%.} 0-1

[Event "POL-chT Ekstraliga 2018"]
[Site "Gorzow"]
[Date "2018.06.09"]
[Round "2"]
[White "Bulski, Krzysztof"]
[Black "Szelag, Marcin"]
[Result "1-0"]
[WhiteElo "2535"]
[BlackElo "2421"]
[Annotator "TA"]
[PlyCount "67"]
[EventDate "2018.06.08"]
[EventType "team-tourn"]
[EventCountry "POL"]
[SourceTitle "playchess.com"]
[Source "ChessBase"]
[SourceQuality "1"]

{[%evp 19,67,16,14,-5,7,-11,0,-9,-9,-18,-13,-20,-10,-13,0,0,0,-7,0,0,0,0,0,0,0,0,0,0,0,0,0,-29,255,247,479,478,477,469,464,463,463,435,427,165,271,264,1028,1008,5273,5265]} 1. d4 Nf6 2. c4 g6 3. Nc3 Bg7 4. e4 d6 5. Bd3 O-O 6. Nge2 Nc6 7. O-O e5 8. d5 Nd4 9. Nxd4 exd4 10. Ne2 Re8 {LiveBook: 65 Games. E70: King's Indian: Miscellaneous lines with 4 e4, including 5 Nge2 and 5 Bd3 0-0 6 Nge2} 11. Bg5 c5 12. f4 $146 ({Predecessor:} 12. dxc6 bxc6 13. b4 Qb6 14. Bxf6 Bxf6 15. Rb1 Bd7 16. a4 a5 17. b5 Be5 18. Qd2 cxb5 19. cxb5 {0-1 (44) Agdestein,S (2620)-Fressinet,L (2712) Oslo 2015}) 12... Qc7 {The position is equal.} 13. Bxf6 Bxf6 14. Ng3 Bd7 15. Qf3 Bg7 16. Rae1 Rad8 {[#]} 17. e5 $1 {[%mdl 512]} dxe5 18. fxe5 Rxe5 {aiming for ...f5.} 19. Qxf7+ Kh8 20. Qf4 {And now Bxg6! would win.} Rde8 21. Rxe5 Bxe5 22. Qh4 $40 {[%mdl 128] White attacks.} Kg8 23. Ne4 Bf5 24. d6 Qg7 25. g4 Be6 $2 {[%mdl 8192]} (25... Bxe4 $1 $11 {and Black stays safe.} 26. Bxe4 Kh8) 26. Nxc5 $18 Bxd6 $2 (26... Bc8 27. Ne4 Rf8 28. Rxf8+ Qxf8) 27. Nxe6 Rxe6 28. Qd8+ Bf8 {[#]} 29. c5 $1 {Black must now prevent Bc4.} Qe7 30. Qd5 Kg7 {With the idea ...Re5.} 31. Qxd4+ $2 (31. Bc4) 31... Re5 (31... Kh6 $142) 32. b4 Kh6 $2 {[#]} (32... Qxc5 33. bxc5 Bxc5) 33. Rxf8 $1 {[%mdl 512]} Qxf8 34. Qxe5 {Precision: White = 47%, Black = 38%.} 1-0

[Event "POL-chT Ekstraliga 2018"]
[Site "Gorzow"]
[Date "2018.06.09"]
[Round "2"]
[White "Tazbir, Marcin"]
[Black "Paszewski, Mateusz"]
[Result "1/2-1/2"]
[WhiteElo "2525"]
[BlackElo "2322"]
[Annotator "TA"]
[PlyCount "87"]
[EventDate "2018.06.08"]
[EventType "team-tourn"]
[EventCountry "POL"]
[SourceTitle "playchess.com"]
[Source "ChessBase"]
[SourceQuality "1"]

{[%evp 9,87,24,0,-18,33,25,36,25,57,60,49,50,54,23,35,24,45,14,27,29,52,14,14,10,7,0,0,0,38,41,42,43,43,35,48,48,50,50,52,50,45,47,50,43,58,50,77,78,90,65,65,65,65,65,74,65,65,50,42,50,50,59,73,73,73,73,88,75,81,18,51,16,26,15,40,14,24,35,52,33]} 1. c4 e5 2. g3 c6 3. d4 e4 4. d5 cxd5 (4... Bb4+ 5. Bd2 e3 6. fxe3 Bxd2+ 7. Qxd2 cxd5 8. cxd5 Nf6 9. Nc3 d6 10. Bg2 O-O 11. Nf3 {0-1 (55) Lenderman,A (2599)-Xiong,J (2665) Saint Louis 2018}) 5. cxd5 Nf6 {LiveBook: 3 Partien} 6. Nc3 {A20: Englische Eröffnung} Bc5 (6... Bb4 $11) 7. Bg2 Qe7 8. Qa4 $146 ({Vorgänger:} 8. e3 O-O 9. Nge2 d6 10. O-O Bg4 11. h3 Bxe2 12. Qxe2 {0-1 (33) Greibrokk,I (1868)-Arpita,M (2210) Tarvisio 2017}) 8... e3 9. Bxe3 Bxe3 10. fxe3 O-O 11. e4 d6 12. Nf3 Nbd7 13. Nd2 Ng4 {[#] Und ...Se3 würde nun gewinnen.} 14. Qd4 Qg5 15. Nc4 Nde5 16. Nxe5 Nxe5 17. O-O Bd7 18. Nd1 b6 19. Qe3 Qxe3+ 20. Nxe3 Rfc8 21. Rfc1 a5 22. Kf2 Rc5 23. Ke1 Rac8 24. Kd2 Kf8 25. b3 Ke7 26. Rc2 Kd8 27. Rac1 (27. Rb1 {feels hotter.} b5 28. Rxc5 Rxc5 29. Nc2 b4 30. Ne1) 27... Rxc2+ 28. Nxc2 h6 29. a4 Ke7 30. Rh1 Rb8 31. Nd4 Rc8 32. h4 h5 33. Bh3 Bxh3 34. Rxh3 $14 {[%mdl 4096] Endspiel KTS-KTS} g6 35. Rh1 Rc5 36. Rf1 Ke8 37. Nf3 Ng4 38. Ne1 Ke7 39. Rg1 (39. Nd3 $16) 39... Rc8 40. Nd3 Nf6 41. Nf2 Nd7 42. Rb1 Nc5 43. Ke3 Kd7 44. Kd4 {Precision: Weiß = 53%, Schwarz = 52%.} 1/2-1/2

[Event "POL-chT Ekstraliga 2018"]
[Site "Gorzow"]
[Date "2018.06.09"]
[Round "2"]
[White "Cyborowski, Lukasz"]
[Black "Plat, Vojtech"]
[Result "1/2-1/2"]
[WhiteElo "2514"]
[BlackElo "2551"]
[Annotator "TA"]
[PlyCount "37"]
[EventDate "2018.06.08"]
[EventType "team-tourn"]
[EventCountry "POL"]
[SourceTitle "playchess.com"]
[Source "ChessBase"]
[SourceQuality "1"]

{[%evp 17,37,30,39,41,47,47,63,54,69,45,37,31,29,20,23,0,0,0,31,0,25,0]} 1. c4 e5 2. g3 Nf6 3. Bg2 d5 4. cxd5 Nxd5 5. Nf3 Nc6 6. O-O Nb6 7. b3 {A20: English Opening: 1...e5} (7. d3 Be7 8. a3 O-O 9. Nbd2 a5 10. b3 f5 11. Bb2 Bf6 12. Qc2 Kh8 13. Rac1 Be6 14. Nc4 Nxc4 15. bxc4 Rb8 16. e3 Qe8 17. d4 e4 {1-0 (39) Ivanchuk,V (2726)-Harikrishna,P (2744) Huaian 2017}) 7... Be7 8. Bb2 f6 9. d4 exd4 {LiveBook: 9 Games} 10. Qc1 $146 ({Predecessor:} 10. Nxd4 Nxd4 11. Bxd4 O-O 12. Nc3 c6 13. Qd2 Be6 14. Qe3 Bf7 {½-½ (44) Cruz,J (2453)-Dourerassou,J (2415) Montcada 2015}) 10... O-O 11. Rd1 {[%cal Rf3d4]} Bd6 12. Nxd4 Nxd4 13. Bxd4 Qe7 $1 14. Nc3 Ba3 15. Qc2 {Threatens to win with Nb5.} c6 $1 16. Nb1 Bd6 17. Nc3 Ba3 18. Nb1 Bd6 19. Nc3 1/2-1/2

[Event "POL-chT Ekstraliga 2018"]
[Site "Gorzow"]
[Date "2018.06.09"]
[Round "2"]
[White "Kanarek, Marcel"]
[Black "Luch, Michal"]
[Result "1-0"]
[WhiteElo "2505"]
[BlackElo "2395"]
[Annotator "TA"]
[PlyCount "101"]
[EventDate "2018.06.08"]
[EventType "team-tourn"]
[EventCountry "POL"]
[SourceTitle "playchess.com"]
[Source "ChessBase"]
[SourceQuality "1"]

{[%evp 28,101,22,31,79,10,104,96,93,81,98,0,0,0,18,18,55,71,52,67,96,83,103,114,109,102,106,103,103,86,82,52,45,49,52,45,32,26,29,34,67,37,188,187,229,230,509,502,443,322,321,306,287,264,306,281,297,288,574,566,12835,12835,12831,12834,12841,12842,12841,12841,12841,12842,12844,12844,12848,12849,12849,12850]} 1. e4 c5 2. Nf3 e6 3. d4 cxd4 4. Nxd4 Nc6 5. Nc3 Qc7 6. Be2 a6 7. O-O Nf6 8. Be3 Be7 9. f4 d6 10. Kh1 Nxd4 11. Bxd4 e5 12. Be3 exf4 13. Bxf4 Be6 14. Qd3 O-O 15. Qg3 Rad8 {B85: Sicilian Scheveningen: 6 Be2 a6, lines with early Be3} (15... Ne8 16. Rad1 f6 17. Bg4 Qd7 18. Bf5 g6 19. Nd5 Bd8 20. Bh6 Rf7 21. Qg4 Ng7 22. Bxg7 Bxf5 23. exf5 Rxg7 {1-0 (36) Felgaer,R (2570)-Negi,P (2664) Istanbul 2012}) 16. Rad1 ({White should play} 16. Bh6 $1 $16 {[%csl Gh6][%cal Rg3g7]} Ne8 17. Bd3) 16... Qc5 {[#]} (16... Kh8 $11 {remains equal.}) 17. Bh6 $146 {[%csl Gh6][%cal Rg3g7]} ({Predecessor:} 17. Rd2 Rfe8 18. Bh6 g6 19. Be3 Qe5 20. Bf4 Qc5 21. Bf3 b5 22. a3 b4 23. axb4 Qxb4 {1-0 (34) Novikov,S (2520)-Gagarin,V (2422) Moscow 2006}) 17... Ne8 {White is better.} 18. Nd5 Bxd5 19. Rxd5 (19. exd5 $16 {Strongly threatening Bd3.} Qxc2 20. Bd3) 19... Qxc2 $11 20. Bd3 $40 {[%mdl 128] White has some attack.} Qxb2 21. Rh5 $1 {Black should prevent e5.} f5 {...fxe4 is the strong threat.} 22. Bc4+ $1 d5 23. Bc1 $1 ({And not} 23. Bxd5+ Rxd5 $1 {[%mdl 512]} 24. exd5 Qe2 $17) 23... Qc2 24. Bxd5+ Rxd5 25. exd5 Qe2 {[%cal Re2f1]} 26. Qf3 Qxf3 27. Rxf3 g6 28. Rhh3 Nf6 29. Ba3 Bxa3 30. Rxa3 Nxd5 $14 {[%mdl 4096] Endgame KRR-KRN} 31. Rhd3 Rc8 {( -> ...Rc1+)} 32. Kg1 {[%mdl 1024] White has compensation.} Rc1+ 33. Kf2 Nf6 34. Ke2 Rg1 $2 {[#]} (34... Rc7 $14) 35. Rdb3 $1 $18 {[%cal Rb3b7]} b5 ({Don't play} 35... Rxg2+ $6 36. Kf1 $16) 36. Rxa6 {Threatens to win with Kf2.} Ne4 $2 (36... Kg7 37. Rxb5 Ne4) 37. Ra7 Rxg2+ 38. Kf1 Rxh2 {[#]} 39. Kg1 $1 Rc2 40. Rxb5 Rc1+ 41. Kg2 Rc2+ 42. Kf3 {Rb8+ would kill now.} Rc3+ $2 (42... Rc8 43. a4 Ng5+ 44. Kg2 Ne6) 43. Kf4 {White wants to mate with Rb8+.White is clearly winning.} g5+ 44. Ke5 Rc8 45. Rbb7 Re8+ 46. Re7 {[%cal Re7e8]} Rb8 47. Kxf5 Nd6+ 48. Kxg5 h6+ 49. Kg6 Rb6 50. Rg7+ Kf8 51. Kh7 {Precision: White = 80%, Black = 38%.} 1-0

[Event "POL-chT Ekstraliga 2018"]
[Site "Gorzow"]
[Date "2018.06.09"]
[Round "2"]
[White "Matuszewski, Michal"]
[Black "Kempinski, Robert"]
[Result "0-1"]
[WhiteElo "2505"]
[BlackElo "2575"]
[Annotator "TA"]
[PlyCount "106"]
[EventDate "2018.06.08"]
[EventType "team-tourn"]
[EventCountry "POL"]
[SourceTitle "playchess.com"]
[Source "ChessBase"]
[SourceQuality "1"]

{[%evp 11,106,0,2,6,-14,-13,6,-19,-16,-18,-36,-29,0,-13,-15,2,-9,-8,0,0,0,0,0,0,0,0,0,0,0,0,-3,0,15,-34,-48,-62,-54,-62,-36,-36,-39,-33,-20,-26,-10,-33,-25,-63,0,-71,-49,-82,-57,-70,-71,-80,-77,-89,-93,-205,-207,-213,-194,-201,-195,-256,-252,-246,-253,-228,-183,-481,-474,-582,-566,-541,-536,-529,-526,-514,-514,-480,-480,-480,-468,-462,-451,-411,-370,-12846,-12847,-12848,-12843,-12843,-12839,-12845,-12845]} 1. d4 Nf6 2. Nf3 g6 3. g3 d5 4. Bg2 Bg7 5. O-O O-O 6. Bf4 c5 7. dxc5 {D02: 1 d4 d5 2 Nf3 sidelines, including 2...Nf6 3 g3 and 2...Nf6 3 Bf4} (7. c3 cxd4 8. cxd4 Ne4 9. Nc3 Nxc3 10. bxc3 Nc6 11. Rb1 Na5 12. Ne5 Be6 13. Qa4 Rc8 14. Rfc1 b6 15. h4 Bf5 16. Ra1 h6 17. Nd3 e6 18. Nb2 Qe7 {0-1 (75) Landa,K (2646)-Le,Q (2703) Belfort 2012}) 7... Nbd7 {[%cal Bb8d7,Bd7c5,Bc5e4][%mdl 32]} 8. Nc3 Nxc5 9. Qc1 {The position is equal.} Nfe4 10. Bh6 Nxc3 11. bxc3 Ne4 12. Bxg7 Kxg7 13. c4 $146 ({Predecessor:} 13. Qe3 Qb6 14. Qd3 Qc5 {½-½ (32) Mastrovasilis,A (2529)-Dzhangobegov,V (2333) St Petersburg 2011}) 13... dxc4 14. Qf4 Nf6 15. e4 Be6 16. Ng5 Rc8 17. Rad1 Qc7 18. e5 Ng8 19. Nxe6+ fxe6 20. Qg4 Qxe5 21. Rde1 Nf6 (21... Qc5 {keeps more tension.} 22. Rxe6 Rc7 23. Qe2 Rd8 24. Re1 b6) 22. Rxe5 (22. Qxg6+ {is interesting.} hxg6 23. Rxe5 Rfd8 24. Bxb7 Rc7 25. Bf3) 22... Nxg4 23. Rxe6 Rc7 24. Rb1 Rb8 25. a4 Nf6 26. Kf1 Ne8 27. h4 Kf8 28. g4 Nd6 29. Bf3 b5 (29... b6 $15) 30. c3 (30. axb5 $11 {remains equal.} Rxb5 31. Rxb5 Nxb5 32. Ra6) 30... a6 {[%cal Ba7a6,Ba6a5,Ba5a4,Ba4a3][%mdl 32]} 31. Kg2 Rc5 32. Kg3 a5 33. axb5 Rbxb5 34. Rbe1 {[#]} Rc7 $1 35. Kf4 (35. Ra1 $17 {was necessary.}) 35... a4 $19 36. Ra1 Ra5 37. Re5 Rca7 38. Bd1 (38. Re2 {is a better defense.}) 38... a3 39. Rxa5 Rxa5 {[%mdl 4096] Endgame KRB-KRN} 40. Ke3 Re5+ 41. Kd4 $2 {[#]} (41. Kd2 {only move.}) 41... Re1 42. f3 h5 43. Kc5 hxg4 44. fxg4 Ne4+ 45. Kxc4 Nf2 46. h5 Rxd1 47. Rxa3 Nxg4 48. hxg6 {KRN-KR} Ne5+ 49. Kb4 Nxg6 50. c4 $2 (50. Kb3) 50... Ne5 {Black is clearly winning.} 51. Re3 Nd7 52. Kb5 Ke8 53. Re6 Rb1+ {Precision: White = 45%, Black = 65%.} 0-1

[Event "POL-chT Ekstraliga 2018"]
[Site "Gorzow"]
[Date "2018.06.09"]
[Round "2"]
[White "Warakomski, Tomasz"]
[Black "Socko, Bartosz"]
[Result "1/2-1/2"]
[WhiteElo "2505"]
[BlackElo "2588"]
[Annotator "TA"]
[PlyCount "234"]
[EventDate "2018.06.08"]
[EventType "team-tourn"]
[EventCountry "POL"]
[SourceTitle "playchess.com"]
[Source "ChessBase"]
[SourceQuality "1"]

{[%evp 27,234,8,8,13,16,-2,29,0,0,-3,67,58,110,127,223,205,209,158,148,147,218,218,203,0,0,-16,-16,-13,-16,-14,-12,-13,-14,-14,-14,-13,-11,-13,-12,-27,-27,-43,-41,-41,-44,-45,-15,-20,-18,-25,0,-25,-26,-48,-48,-48,-47,-48,-48,-49,-44,-44,-37,-37,-39,-39,-41,-53,-53,-53,-52,-55,-28,-27,-27,-28,-27,-49,-49,-49,-43,-48,-48,-62,-62,-62,-62,-62,-61,-62,-62,-62,-62,-62,-62,-62,-62,-62,-62,-62,-62,-62,-62,-62,-62,-62,-62,-62,-62,-62,-62,-62,-62,-62,-62,-62,-62,-62,-61,-61,-61,-61,0,0,0,0,0,-8,0,0,0,-8,0,0,0,0,0,0,0,0,0,0,0,0,0,0,0,0,0,0,0,0,0,0,0,0,0,0,0,0,0,0,0,0,0,0,0,0,0,0,0,0,0,0,0,0,0,0,0,0,0,0,0,0,0,0,0,0,0,0,0,0,0,0,0,0,0,0,0,0,0,-8,0,0,0,0,0,0,0]} 1. e4 e6 2. d4 d5 3. Nc3 Nf6 4. Bg5 Be7 5. e5 Nfd7 6. Bxe7 Qxe7 7. f4 a6 8. Nf3 c5 9. Qd2 Nc6 10. dxc5 {C14: French: Classical System: 4 Bg5 Be7 main line} O-O 11. Bd3 Nxc5 12. O-O f5 (12... f6 13. Ne2 Nxd3 14. Qxd3 Bd7 15. Ned4 fxe5 16. Nxe5 Nxe5 17. fxe5 Qb4 18. Rfb1 Rf4 19. c3 {1-0 (53) Van Foreest,J (2584)-Bauer,C (2584) Vaujany 2016}) 13. exf6 Qxf6 14. g3 Bd7 {LiveBook: 26 Games} 15. Rae1 Rad8 16. Qf2 $146 ({Predecessor:} 16. a3 Kh8 17. Rf2 Be8 18. Ne5 Nxe5 19. fxe5 Qxf2+ 20. Qxf2 Rxf2 21. Kxf2 g5 22. b4 Nd7 23. Nb1 Rc8 24. Nd2 Rc3 25. Nb1 Rc8 26. Nd2 Rc3 27. Nb3 Kg7 28. Nd4 Bf7 29. Nb3 {½-½ (29) Lacina,F (2059)-Maly,M (1986) Ricany 2011}) 16... b6 17. Ng5 Nxd3 18. cxd3 e5 (18... d4 $11 19. Nce4 Qf5) 19. Nxd5 $14 Qd6 (19... Qg6 $14) 20. Nxb6 $16 exf4 (20... Bg4 $16) 21. Nxd7 $18 ({Not} 21. gxf4 Bf5 $11) 21... Rxd7 22. Ne6 ({Weaker is} 22. gxf4 Nb4 $14) 22... Rf6 23. Nxf4 h6 (23... Rd8 $16) 24. Re8+ Kf7 25. Rfe1 $2 ({Better is} 25. Qe2 $18) 25... Ne7 $1 $11 26. Ra8 {[#] Strongly threatening Qe3.} g5 27. Re6 $1 {[%cal Re6d6]} Qxe6 $1 28. Nxe6 {Intending Rf8+ and mate.} Rxf2 29. Kxf2 {Black must now prevent Nc5.} Kxe6 30. Rxa6+ {[%mdl 4096] Endgame KRN-KR} Kf5 31. Rxh6 Rxd3 {With the idea ...Rd2+.} 32. Ke2 Rd4 33. Ke3 Rd8 34. h3 Ke5 35. g4 Nd5+ 36. Kd3 Nf4+ 37. Kc2 Rc8+ 38. Kb3 Ne2 39. h4 Nc1+ 40. Kb4 Nxa2+ 41. Ka3 Ra8+ 42. Kb3 Nc1+ 43. Kc2 Rc8+ 44. Kd2 Ke4 45. hxg5 Nb3+ 46. Ke1 Nd4 47. Ra6 Rc2 48. g6 Rg2 49. b4 Nc2+ 50. Kf1 Ne3+ 51. Ke1 Rxg4 52. b5 Rg1+ 53. Kd2 Nc4+ 54. Kc3 Kd5 55. Rf6 Nd6 {[#] ...Ne4+ is the strong threat.} 56. Kb4 Rb1+ 57. Ka4 Kc5 ({Much weaker is} 57... Rxb5 $6 58. g7 $14) 58. Rf2 Rb4+ 59. Ka3 Nxb5+ 60. Ka2 Rg4 61. Kb3 Rg3+ 62. Kc2 Nd4+ 63. Kd2 Kc4 64. Rf8 Rg2+ 65. Ke1 Kd3 66. Kf1 Rxg6 67. Re8 Ne6 68. Kf2 Rf6+ 69. Kg3 Ke4 70. Re7 Kd4 71. Kg4 Kd5 72. Kg3 Nc5 73. Kg4 Rf8 74. Re1 Nd3 (74... Kd6 $15) 75. Ra1 {The position is equal.} Nf2+ 76. Kg5 Ne4+ 77. Kg4 Nc3 78. Re1 Kd4 79. Re7 Nd5 80. Re1 Nf6+ 81. Kg5 Ne4+ 82. Kg6 Ke5 83. Ra1 Rf6+ 84. Kg7 Rf2 85. Ra5+ Ke6 86. Ra6+ Nd6 87. Kg6 Rg2+ 88. Kh5 Ke5 89. Ra5+ Kf4 90. Ra4+ Ne4 91. Kh6 Rg1 92. Rb4 Kf5 93. Rb5+ Ke6 94. Kh5 Kf6 95. Rb6+ Kf5 {[%cal Rg1h1]} 96. Rb5+ Kf4 97. Rb4 Ke5 98. Rb5+ Ke6 99. Rb6+ Nd6 100. Ra6 Rg8 101. Kh4 Ke5 102. Ra5+ Kf4 {( -> ...Rh8+)} 103. Ra4+ Ne4 {[%cal Rg8h8]} (103... Ke3 {is more complex.} 104. Ra7 Nf5+ 105. Kh5 Ng3+ 106. Kh6 Nf5+) 104. Kh5 Rg5+ 105. Kh6 Rc5 106. Ra1 Rc6+ 107. Kg7 Ke5 108. Re1 Ra6 109. Kf7 Ra2 110. Kg7 Kf5 111. Rf1+ Ke6 112. Rg1 Rb2 113. Kg6 Rb5 114. Kg7 Re5 115. Rg6+ Ke7 116. Ra6 Nd6 117. Kg6 Ke6 {Precision: White = 69%, Black = 66%.} 1/2-1/2

[Event "POL-chT Ekstraliga 2018"]
[Site "Gorzow"]
[Date "2018.06.09"]
[Round "2"]
[White "Bobras, Piotr"]
[Black "Tomczak, Mikolaj"]
[Result "0-1"]
[WhiteElo "2499"]
[BlackElo "2418"]
[Annotator "TA"]
[PlyCount "50"]
[EventDate "2018.06.08"]
[EventType "team-tourn"]
[EventCountry "POL"]
[SourceTitle "playchess.com"]
[Source "ChessBase"]
[SourceQuality "1"]

{[%evp 21,50,36,29,39,38,34,51,29,47,34,39,22,52,43,74,65,81,37,63,83,67,68,109,-154,-145,-146,-150,-137,-147,-1526,-1518]} 1. e4 e5 2. Nf3 Nc6 3. Bb5 a6 4. Ba4 Nf6 5. O-O Nxe4 6. d4 b5 7. Bb3 d5 8. dxe5 Be6 9. Nbd2 Be7 10. c3 Nc5 11. Bc2 d4 12. Nb3 {[%cal Rf3d4] C83: Open Ruy Lopez: 9 c3 Be7} d3 13. Bb1 Nxb3 $1 14. axb3 {White is slightly better.} Bf5 15. Re1 (15. Bf4 O-O 16. h3 Qd7 17. b4 Rfd8 18. g4 Bg6 19. Bg3 h5 {½-½ (37) Anand,V (2776)-Mamedyarov,S (2761) Moscow 2016}) 15... O-O 16. h3 Qd7 17. b4 Rfd8 18. g4 Be6 {[#]} 19. Re3 $146 {[%cal Re3d3] [#]} ({Predecessor:} 19. Bf4 a5 20. bxa5 Rxa5 21. Rxa5 Nxa5 {1-0 (47) Brkic,A (2585)-Colmenares,A (2350) Biel 2016}) 19... Bxg4 $1 {[%mdl 512]} 20. hxg4 Qxg4+ 21. Kf1 Bg5 22. Bxd3 $2 {[%mdl 8192]} (22. Rxd3 $16 {is forced if you want to stay better.} Bxc1 {[#]} 23. Rxa6 $1 {[%mdl 512]} Qh3+ 24. Ke2) 22... Bxe3 $17 23. Bxe3 {[#]} Rxd3 $1 {[%mdl 512]} 24. Qxd3 Qxf3 25. Qxb5 $2 {[%mdl 8192]} (25. Rd1 $17) 25... Nd4 0-1

[Event "POL-chT Ekstraliga 2018"]
[Site "Gorzow"]
[Date "2018.06.09"]
[Round "2"]
[White "Gumularz, Szymon"]
[Black "Flis, Jacek"]
[Result "1-0"]
[WhiteElo "2452"]
[BlackElo "2242"]
[Annotator "TA"]
[PlyCount "93"]
[EventDate "2018.06.08"]
[EventType "team-tourn"]
[EventCountry "POL"]
[SourceTitle "playchess.com"]
[Source "ChessBase"]
[SourceQuality "1"]

{[%evp 15,93,61,62,59,105,105,105,115,154,157,145,118,132,138,154,149,146,142,244,233,382,382,366,375,355,375,393,345,352,331,356,355,345,348,345,345,324,312,337,329,346,348,346,346,402,402,401,397,394,401,389,364,627,587,980,582,29966,29967,29969,29968,29970,29970,29971,29972,29971,29972,29974,29975,29975,29976,29976,29977,29977,29978,29978,29979,29979,29980,29979,29979]} 1. e4 c5 2. Nf3 e6 3. d4 cxd4 4. Nxd4 Nc6 5. Nc3 a6 6. Be2 Nge7 7. Be3 Nxd4 {B46: Sizilianisch (Paulsen/Taimanow-Variante)} (7... Ng6 8. O-O d6 9. f4 Be7 10. Nf3 b5 11. a3 O-O 12. Kh1 Rb8 13. Bd3 b4 14. axb4 Nxb4 15. Be2 {1-0 (37) Petrosian,T (2592)-Golod,V (2597) ICC INT 2007}) 8. Qxd4 Nc6 {LiveBook: 6 Partien} 9. Qb6 Qxb6 {Weiß steht etwas besser.} 10. Bxb6 Be7 11. O-O-O O-O 12. f4 f6 $146 ({Vorgänger:} 12... Bd8 13. Na4 Rb8 14. g3 {1-0 (25) Rasmussen,P (2325)-Isaksen,B (2245) Aalborg 1994}) 13. Rd2 Nd8 14. Rhd1 d6 15. Bc4 Nf7 16. f5 exf5 (16... Re8 $16) 17. Nd5 $18 Bd8 (17... Re8 {war einen Versuch wert.} 18. Nxe7+ Rxe7) 18. Bxd8 Rxd8 19. Nb6 Rb8 20. Rxd6 $1 {[%csl Gd1][%cal Rd6d8] [#]} Rf8 21. Rd8 fxe4 22. Bxf7+ Kxf7 23. Rxf8+ Kxf8 {[%mdl 4096] Endspiel KTL-KTS} 24. Rd8+ Ke7 25. Rxc8 Rxc8 26. Nxc8+ {KS-KB} Ke6 27. Kd2 f5 28. Nb6 f4 29. Kc3 f3 30. gxf3 exf3 31. Kd2 g5 32. Ke3 g4 33. Nc4 h5 $2 {[#]} (33... b5) 34. Kf4 b5 35. Nd2 Kf6 36. b4 {Weiß setzt Matt.} Ke6 37. c3 Kd5 38. Kg5 Ke5 39. Kxh5 Kf4 40. Nf1 f2 41. Ng3 Kf3 42. Kg5 Kg2 43. Kxg4 Kxh2 44. Kf3 Kg1 45. Ke2 Kg2 46. Nf1 Kg1 47. Ne3 {Precision: Weiß = 91%, Schwarz = 30%.} 1-0